000 00453nam a2200193Ia 4500
005 20250425162703.0
008 250425s9999 xx 000 0 und d
041 _aspa
043 _acr
082 _a639.8
245 0 _aACTAS DEL SIMPOSIO INVESTIGACION ACUICOLA EN CENTROAMERICA
250 _aS.E
260 _aCosta Rica
_bPRADEPESCA
_c1993
260 _aHEREDIA
300 _a181
650 _aACUACULTURA
942 _c01
010 _a96791
999 _c234356
_d234356